Países con 'P' - Estadísticas

Estadísticas generales
  • Esta prueba ha sido intentada 40 veces
  • La puntuación promedio es 6 de 9
Estadísticas de respuestas
País % Correcto
Polonia
86%
Perú
83%
Portugal
83%
Palaos
76%
Pakistán
72%
Panamá
69%
Paraguay
59%
Papúa Nueva Guinea
52%
Países Bajos
28%
No se encontraron pruebas coincidentes
Distribución de puntuación
Porcentaje de gente con cada puntuación
Porcentaje por número respondido
Historial de tus puntuaciones
No has intentado esta prueba.